000 00411nam a22001457a 4500
005 20260225162039.0
008 260225b |||||||| |||| 00| 0 eng d
020 _a978-9-9660-9430-8
050 _aKSK 2300.D48 2015
100 _aNATIONAL COUNCIL FOR LAW REPORTING
245 _aDEVOLUTION CASE DIGEST VOL 1
260 _aKENYA
_bNTIONAL COUNCIL FOR LAW REPORTING
_c2015
300 _aX,95
942 _2lcc
_cBK
999 _c216676
_d216676